Statistics for Countries with more Sheep than their Neighbours

Click here to take the quiz!

General Stats

  • This quiz has been taken 51 times
  • The average score is 9 of 14

Answer Stats

RatioCountry% Correct
2.1 United Kingdom
93%
2.6 China
89%
1.24 Brazil
85%
1.67 Mexico
83%
123.7 Indonesia
74%
1.35 Iran
70%
1.04 Italy
70%
10.2 South Africa
67%
3.5 Nigeria
65%
1.42 Algeria
50%
1.64 Dominican Republic
50%
1.32 Sudan
48%
1.08 Saudi Arabia
41%
5.9 Romania
37%

Score Distribution

Percentile by Number Answered

Percent of People with Each Score

Your Score History

You have not taken this quiz